[Event "XXIV MEMORIAL J. KOCHANA"]
[Site "Koszalin"]
[Date "2013.08.13"]
[Round "5.24"]
[White "Luczak, Filip"]
[Black "Sowinski, Ryszard"]
[Result "1/2-1/2"]
[WhiteElo "1360"]
[BlackElo "1560"]
[PlyCount "155"]
[EventDate "2013.??.??"]

1. e4 e5 2. Nf3 Nc6 3. Bb5 Nge7 4. c3 a6 5. Bxc6 Nxc6 6. d4 exd4 7. cxd4 Bb4+
8. Bd2 Bxd2+ 9. Nbxd2 d6 10. O-O O-O 11. Rc1 Bg4 12. Qc2 Rc8 13. a3 Re8 14.
Rfe1 Qf6 15. d5 Ne5 16. Nxe5 Rxe5 17. f3 Bd7 18. Nc4 Rg5 19. Kh1 Rh5 20. Qd2
Qh4 21. g3 Qxg3 22. Qg2 Qf4 23. Rg1 g6 24. Qg3 Qf6 25. Nb6 cxb6 26. Rxc8+ Bxc8
27. Rc1 Qd8 28. f4 Bd7 29. f5 Qg5 30. Qxg5 Rxg5 31. Rc7 Bb5 32. f6 Re5 33. Rxb7
Rxe4 34. Rxb6 Re5 35. Kg1 h5 36. Rxd6 Bc4 37. Rd8+ Kh7 38. d6 Rd5 39. Rd7 Rd2
40. b4 Kh6 41. h4 g5 42. Rc7 Be6 43. Rc6 Kg6 44. Rxa6 Kxf6 45. hxg5+ Kxg5 46.
b5 h4 47. Rc6 Bd7 48. Rc5+ Kg6 49. b6 Rxd6 50. Rc7 Bb5 51. a4 Bxa4 52. Rc4 Bd1
53. b7 Rb6 54. Rc6+ Rxc6 55. b8=Q Kg7 56. Qb2+ Rf6 57. Kh2 Bg4 58. Qd4 Bf5 59.
Qf4 Be6 60. Qd4 h3 61. Qc3 Kg6 62. Qg3+ Kh5 63. Qe5+ Rf5 64. Qh8+ Kg6 65. Qg8+
Kf6 66. Qd8+ Ke5 67. Qc7+ Ke4 68. Qc2+ Kf4 69. Qf2+ Kg5 70. Qg3+ Kh6 71. Qe3+
Rg5 72. Qf4 Kh5 73. Qf3+ Kh6 74. Qf6+ Rg6 75. Qf4+ Kg7 76. Qe5+ Kg8 77. Qb8+
Kh7 78. Qb1 1/2-1/2

[Event "XXIV MEMORIAL J. KOCHANA"]
[Site "Koszalin"]
[Date "2013.08.13"]
[Round "5.26"]
[White "Ciesielski, Jan"]
[Black "Ziobrowska, Danuta"]
[Result "0-1"]
[WhiteElo "1268"]
[BlackElo "1595"]
[PlyCount "76"]
[EventDate "2013.??.??"]

1. e4 c6 2. d4 d5 3. exd5 cxd5 4. Nc3 e6 5. a3 a6 6. Nf3 Nf6 7. Bg5 h6 8. Bh4
Nc6 9. Bd3 Be7 10. Qd2 b5 11. O-O Qb6 12. Ne2 Ne4 13. Qe3 g5 14. Bg3 f5 15.
Bxe4 dxe4 16. Be5 exf3 17. Bxh8 fxe2 18. Qxe2 Nxd4 19. Qe3 Bc5 20. Bxd4 Bxd4
21. Qf3 Bb7 22. Qh5+ Ke7 23. c3 Bg7 24. Qe2 Qc6 25. f3 Rd8 26. Rad1 Qc5+ 27.
Kh1 Bd5 28. Rfe1 Bc4 29. Qc2 Bd5 30. Qxf5 Qc6 31. Qg4 Rf8 32. f4 Rxf4 33. Qg3
Qd6 34. Qd3 Kf7 35. Rf1 Rxf1+ 36. Rxf1+ Kg8 37. Qg6 Qe7 38. Rf7 Qxf7 0-1

[Event "XXIV MEMORIAL J. KOCHANA"]
[Site "Koszalin"]
[Date "2013.08.13"]
[Round "5.29"]
[White "Bilczewska, Olga"]
[Black "Krzywnicka, Maria"]
[Result "0-1"]
[WhiteElo "1223"]
[BlackElo "1372"]
[PlyCount "88"]
[EventDate "2013.??.??"]

1. e4 e5 2. Nf3 Nc6 3. Bc4 Bc5 4. c3 Nf6 5. d3 O-O 6. Bb3 d6 7. Bg5 Bg4 8. h3
Bh5 9. g4 Bg6 10. Nh4 Kh8 11. Qd2 h6 12. Bxh6 gxh6 13. Qxh6+ Nh7 14. Nxg6+ fxg6
15. O-O Qg5 16. Qxg5 Nxg5 17. Kg2 Nf3 18. Bd1 Nh4+ 19. Kg3 g5 20. Nd2 Ne7 21.
Nb3 Bb6 22. Be2 Neg6 23. Rae1 Nf4 24. Rg1 Nxd3 25. Rgf1 Bxf2+ 26. Rxf2 Nxf2 27.
Nd2 Rf6 28. Rf1 Raf8 29. Re1 Rf4 30. Bf1 Nf3 31. Nxf3 Rxf3+ 32. Kh2 Nd3 33.
Bxd3 Rxd3 34. Re2 Rff3 35. h4 Rh3+ 36. Kg2 Rxh4 37. Rf2 Rxg4+ 38. Kh2 Rf4 39.
Rg2 g4 40. c4 Rh3+ 41. Kg1 g3 42. Rd2 Rh2 43. Rxh2+ gxh2+ 44. Kxh2 Rxe4 0-1

[Event "XXIV MEMORIAL J. KOCHANA"]
[Site "Koszalin"]
[Date "2013.08.13"]
[Round "5.32"]
[White "Leszczewska, Edyta"]
[Black "Wasilewska, Paula"]
[Result "1-0"]
[WhiteElo "1382"]
[BlackElo "1317"]
[PlyCount "81"]
[EventDate "2013.??.??"]

1. e4 e5 2. Nf3 d6 3. Nc3 Nf6 4. h3 h6 5. Bc4 b6 6. d3 Ba6 7. Bxa6 Nxa6 8. Be3
Be7 9. O-O O-O 10. d4 exd4 11. Nxd4 Qd7 12. Qf3 Nc5 13. Nf5 Ne6 14. Nd5 Bd8 15.
Nxh6+ Kh8 16. Nxf6 Bxf6 17. Qh5 gxh6 18. Qxh6+ Kg8 19. Qxf6 Qd8 20. Qxd8 Raxd8
21. f4 d5 22. f5 Ng7 23. exd5 Rxd5 24. f6 Ne6 25. Rf3 Kh7 26. Rg3 Rg8 27. Rxg8
Kxg8 28. g4 Kh7 29. Rf1 Rb5 30. b3 Re5 31. Bf2 Re2 32. Rc1 Nf4 33. Kf1 Re6 34.
h4 Rxf6 35. Bd4 Re6 36. Re1 Rc6 37. c4 Nd3 38. Re7 Kg8 39. h5 Rd6 40. Re8+ Kh7
41. Rh8# 1-0